000 00617nam a2200217 a 4500
001 0001-2138
003 ELIB.Books
008 190724 2010 eng
020 _a0060679921
092 _a230
_bThi
100 _aThistlethwaite, Susan Brooks
245 _aLift Every Voice
_bConstructing Christian Theologies From the Underside
260 _aNew York
_bHarper & Row Publishers
_c1990
300 _a329
_c23cm
650 _aLiberation Theology
856 _nKBTS Library
_uKBTS Elib
942 _2ddc
_cBK
990 _a1
998 _aEnglishbooks.elf
_ccat
_e2019-07-24
999 _c12138
_d12138